LEADER 02786nam2 22005413i 450 001 RAV0000132 005 20231121125622.0 010 $a8806031015 010 $a8806310135 020 $aIT$b79-11545 100 $a20011105d1979 ||||0itac50 ba 101 | $aita 102 $ait 181 1$6z01$ai $bxxxe 182 1$6z01$an 200 1 $a˜2: L'œimmagine fotografica, 1845-1945$fdi Carlo Bertelli e Giulio Bollati 210 $aTorino$cEinaudi$d1979 215 $a2 v.$cill.$d22x22 cm. 461 1$1001CFI0012299$12001 $aStoria d'Italia. Annali$v2 463 1$1001RAV0000133$12000 $a1$fdi Carlo Bertelli e Giulio Bollati$v1 463 1$1001RAV0000134$12000 $a2$fdi Carlo Bertelli e Giulio Bollati$v2 606 $aFotografia$xStoria$2FIR$3RMLC049196$9E 606 $aItalia$x1845-1945$xFotografie$2FIR$3RMLC174920$9I 676 $a770$9FOTOGRAFIA E FOTOGRAFIE$v21 676 $a779$9FOTOGRAFIE$v21 700 1$aBertelli$b, Carlo$f <1930- >$3CFIV000371$4070$0301620 701 1$aBollati$b, Giulio$3CFIV000793$4070$0143556 801 3$aIT$bIT-01$c20011105 850 $aIT-RM028 $aIT-RM0289 $aIT-RM0313 $aIT-RM0281 $aIT-RM0542 $aIT-RM0459 $aIT-RM1251 $aIT-RM0830 $aIT-RM0319 $aIT-RM1248 $aIT-RM0251 $aIT-FR0084 $aIT-RM1163 $aIT-FR0017 899 $aBiblioteca Universitaria Alessandrina$bRM028 899 $aBiblioteca Statale A. Baldini$bRM0289 899 $aBIBLIOTECA CASANATENSE$bRM0313 899 $aBIBLIOTECA VALLICELLIANA$bRM0281 899 $aBIBLIOTECA DEL MINISTERO DEGLI AFFARI ESTERI$bRM0542 899 $aARCHIVIO DI STATO DI ROMA$bRM0459 899 $aFONDAZIONE GIUSEPPE EMANUELE E VERA MODIGLIANI$bRM1251 899 $aBiblioteca della Direzione Generale Archivi$bRM0830 899 $aBiblioteca dello Stato Maggiore dell' Aeronautica$bRM0319 899 $aBiblioteca Della Fondazione Pietro Nenni$bRM1248 899 $aBiblioteca Della Soprintendenza Archivistica Per Il Lazio$bRM0251 899 $aBiblioteca Del Monumento Nazionale Di Montecassino$bFR0084 899 $aIstituto Centrale Restauro Conservazione Patrimonio Archivistico Librario$bRM1163 899 $aBiblioteca umanistica Giorgio Aprea$bFR0017 912 $aRAV0000132 950 2$aBiblioteca umanistica Giorgio Aprea$d 52S.L. 945 SIA.Rom.2.1$d 52S.L. 945 SIA.Rom.2.2 977 $a 01$a 04$a 06$a 07$a 08$a 09$a 10$a 12$a 14$a 15$a 20$a 22$a 23$a 24$a 25$a 27$a 36$a 52 996 $aImmagine fotografica 1845-1945$9509846 997 $aUNICAS LEADER 04040nam 22006975 450 001 9910254581403321 005 20200706115918.0 010 $a3-319-52899-8 024 7 $a10.1007/978-3-319-52899-1 035 $a(CKB)3710000001364446 035 $a(DE-He213)978-3-319-52899-1 035 $a(MiAaPQ)EBC4858108 035 $a(PPN)201471620 035 $a(EXLCZ)993710000001364446 100 $a20170512d2017 u| 0 101 0 $aeng 135 $aurnn|008mamaa 181 $ctxt$2rdacontent 182 $cc$2rdamedia 183 $acr$2rdacarrier 200 14$aThe Three-Body Problem and the Equations of Dynamics $ePoincaré?s Foundational Work on Dynamical Systems Theory /$fby Henri Poincaré 205 $a1st ed. 2017. 210 1$aCham :$cSpringer International Publishing :$cImprint: Springer,$d2017. 215 $a1 online resource (XXII, 248 p. 9 illus.) 225 1 $aAstrophysics and Space Science Library,$x0067-0057 ;$v443 311 $a3-319-52898-X 320 $aIncludes bibliographical references and indexes. 327 $aTranslator's Preface -- Author's Preface -- Part I. Review -- Chapter 1 General Properties of the Differential Equations -- Chapter 2 Theory of Integral Invariants -- Chapter 3 Theory of Periodic Solutions -- Part II. Equations of Dynamics and the N-Body Problem -- Chapter 4 Study of the Case with Only Two Degrees of Freedom -- Chapter 5 Study of the Asymptotic Surfaces -- Chapter 6 Various Results -- Chapter 7 Attempts at Generalization -- Erratum. References -- Index. . 330 $aHere is an accurate and readable translation of a seminal article by Henri Poincaré that is a classic in the study of dynamical systems popularly called chaos theory. In an effort to understand the stability of orbits in the solar system, Poincaré applied a Hamiltonian formulation to the equations of planetary motion and studied these differential equations in the limited case of three bodies to arrive at properties of the equations? solutions, such as orbital resonances and horseshoe orbits.  Poincaré wrote for professional mathematicians and astronomers interested in celestial mechanics and differential equations. Contemporary historians of math or science and researchers in dynamical systems and planetary motion with an interest in the origin or history of their field will find his work fascinating. . 410 0$aAstrophysics and Space Science Library,$x0067-0057 ;$v443 606 $aDynamics 606 $aErgodic theory 606 $aStatistical physics 606 $aAstrophysics 606 $aPhysics 606 $aPlanetary science 606 $aDynamical Systems and Ergodic Theory$3https://scigraph.springernature.com/ontologies/product-market-codes/M1204X 606 $aStatistical Physics and Dynamical Systems$3https://scigraph.springernature.com/ontologies/product-market-codes/P19090 606 $aAstrophysics and Astroparticles$3https://scigraph.springernature.com/ontologies/product-market-codes/P22022 606 $aHistory and Philosophical Foundations of Physics$3https://scigraph.springernature.com/ontologies/product-market-codes/P29000 606 $aPlanetary Sciences$3https://scigraph.springernature.com/ontologies/product-market-codes/P22060 615 0$aDynamics. 615 0$aErgodic theory. 615 0$aStatistical physics. 615 0$aAstrophysics. 615 0$aPhysics. 615 0$aPlanetary science. 615 14$aDynamical Systems and Ergodic Theory. 615 24$aStatistical Physics and Dynamical Systems. 615 24$aAstrophysics and Astroparticles. 615 24$aHistory and Philosophical Foundations of Physics. 615 24$aPlanetary Sciences. 676 $a510 700 $aPoincaré$b Henri$4aut$4http://id.loc.gov/vocabulary/relators/aut$0416664 801 0$bMiAaPQ 801 1$bMiAaPQ 801 2$bMiAaPQ 906 $aBOOK 912 $a9910254581403321 996 $aThe Three-Body Problem and the Equations of Dynamics$92004699 997 $aUNINA